Astrology and your future / (Record no. 64130)

MARC details
000 -LEADER
fixed length control field 00537nam a22001577a 4500
005 - DATE AND TIME OF LATEST TRANSACTION
control field 20120319122455.0
020 ## - INTERNATIONAL STANDARD BOOK NUMBER
International Standard Book Number 8174782427
Terms of availability 60.00
035 ## - SYSTEM CONTROL NUMBER
System control number B-84460
037 ## - SOURCE OF ACQUISITION
Stock number DPL
Source of stock number/acquisition ENG
100 ## - MAIN ENTRY--PERSONAL NAME
Personal name Murthy, Y. Krishna
245 ## - TITLE STATEMENT
Title Astrology and your future /
Statement of responsibility, etc by Y. Krishna Murthy
260 ## - PUBLICATION, DISTRIBUTION, ETC. (IMPRINT)
Place of publication, distribution, etc Chennai
Name of publisher, distributor, etc Sura Books (Pvt.) Ltd.
300 ## - PHYSICAL DESCRIPTION
Extent 126p.
Dimensions 16 cms.
942 ## - ADDED ENTRY ELEMENTS (KOHA)
Source of classification or shelving scheme Dewey Decimal Classification
Item type English Books
Classification part 133.5
Call number suffix KRI
Holdings
Withdrawn status Lost status Not for loan Collection code Home library Current library Date acquired Cost, normal purchase price Full call number Barcode Cost, replacement price Koha item type
      Non-fiction Sarojini Nagar Sarojini Nagar 19/03/2012 60.00 133.5 KRI B-84460 60.00 English Books

© Delhi Public Library
Hit Counter
free hit counter